00459nam a2200157Ia 450000500170000000800410001708200130005810000150007124500250008626000320011130000200014365000180016394200060018195200990018799900150028620250508070053.0240331s9999 xx 000 0 und d bSupa891 aSuppiah, N 0aAval thani maramalla aKandybAkilam Achagamc1997 a100 p ., ( C 2) aShort Stories cL 001040708LaWERCLbWERCLcSSCd2024-03-31l0o 894.811 Supp1851r2024-03-31w2024-03-31yL c4298d4298